000 00715cam a2200181 4500
001 WS108123
008 000000n 000 0 eng u
035 _a(Sirsi) u108123
245 _aNational Land Information Service
520 _aSite for this government initiative to provide access to authoritative and accurate comprehensive information on all land and property in the UK. Includes news, FAQs and a glossary of terms.
650 _aNATIONAL LAND INFORMATION SERVICE
650 _aGEOGRAPHIC REFERENCING
650 _aGLOSSARY
650 _aGeomatics
_96242
690 _aMAPPING AND MEASUREMENT
856 4 0 _uhttps://www.nlis.org.uk
_zView the website free of charge at www.nlis.org.uk...
942 _n0
999 _c119630
_d119630